Yasir Arafat: a political biography (Record no. 3879)
[ view plain ]
| 000 -LEADER | |
|---|---|
| fixed length control field | 00576nam a2200193Ia 4500 |
| 020 ## - INTERNATIONAL STANDARD BOOK NUMBER | |
| ISBN | 0-19-516689-2 |
| 082 ## - DEWEY DECIMAL CLASSIFICATION NUMBER | |
| Classification number | RR 956.953044092 RUB |
| 100 ## - MAIN ENTRY--AUTHOR NAME | |
| Personal name | Rubin, Barry |
| 245 #0 - TITLE STATEMENT | |
| Title | Yasir Arafat: a political biography |
| 260 ## - PUBLICATION, DISTRIBUTION, ETC. (IMPRINT) | |
| Place of publication | London |
| Name of publisher | Continuum |
| Year of publication | 2003 |
| 300 ## - PHYSICAL DESCRIPTION | |
| Number of Pages | xiv, 354p. |
| 504 ## - BIBLIOGRAPHY, ETC. NOTE | |
| Bibliography, etc | Includes bibliography and index |
| 650 ## - SUBJECT ADDED ENTRY--TOPICAL TERM | |
| Topical Term | Munaozozamat al - Taohrair - Biography |
| 650 ## - SUBJECT ADDED ENTRY--TOPICAL TERM | |
| Topical Term | Arafat, Yasir, 1929 |
| 650 ## - SUBJECT ADDED ENTRY--TOPICAL TERM | |
| Topical Term | Palestinian Arabs - Politics and government - 20th century |
| 650 ## - SUBJECT ADDED ENTRY--TOPICAL TERM | |
| Topical Term | Arab - Irsaeli conflict |
| 700 ## - ADDED ENTRY--PERSONAL NAME | |
| Personal name | Rubin, Judith Colp |
| 942 ## - ADDED ENTRY ELEMENTS (KOHA) | |
| Koha item type | Books |
| Withdrawn status | Lost status | Damaged status | Not for loan | Home library | Current library | Date acquired | Source of acquisition | Bill Date | Full call number | Accession Number | Price effective from | Koha item type |
|---|---|---|---|---|---|---|---|---|---|---|---|---|
| NASSDOC Library | NASSDOC Library | 23/11/2004 | KNOW | 2004-10-22 | RR 956.953044092 RUB | 40252 | 18/04/2019 | Books |
